00630nam a2200193 a 4500001001000000003000900010005001700019008004100036020001800077040002500095082002300120100001800143245010700161260003800268300002000306500006000326650002400386650002600410000013747DO-SdBNP20230207122347.0091130s2012 dr 000 p spa d a9789974681897 aDO-SdBNPbspacBNPHU 4aRD861.5bV297p2221 aVargas, Sonia10aPiel :bpoemas /cSonia Vargas ; comentarios Cristiane Grando, Beatriz Schaefer Peña, Rocio Cardoso. aUruguay :bBotella al mar,c2012. a78 p. ;c21 cm. aIncluye datos biográficos de la autora en las solapas 4aPoesía dominicana 4aLiteratura dominicana